• D'Annibale, Giuseppe,

di Personal Name

Records bibliografici associati: 1

001 - CONTROL NUMBER

  • control field: 1828

003 - CONTROL NUMBER IDENTIFIER

  • control field: IT-RoINE

005 - DATE AND TIME OF LATEST TRANSACTION

  • control field: 20131205160041.0

008 - FIXED-LENGTH DATA ELEMENTS

  • fixed length control field: 131205|| aca||aabn | a|a d

040 ## - CATALOGING SOURCE

  • Original cataloging agency: IT-RoINE
  • Transcribing agency: IT-RoINE

100 ## - HEADING--PERSONAL NAME

  • Personal name: D'Annibale, Giuseppe,
  • Dates associated with a name: 1815-1892

670 ## - SOURCE DATA FOUND

  • Source citation: Work cat.: (IT-RoINE)0: D'Annibale, Giuseppe, 1815-1892, Summula theologiae moralis / , [1892]